[Event "Serbian New Year"]
[Site "Novi Sad"]
[Date "2009.01.17"]
[Round "3"]
[White "Maljevic, Dimitrije"]
[Black "Vucetic, Stevan"]
[Result "0-1"]
[WhiteElo "1614"]
[BlackElo "2058"]
[PlyCount "60"]
[EventDate "2009.01.16"]
[EventType "swiss"]
[EventRounds "5"]
[EventCountry "SRB"]
[SourceTitle "EXT 2019"]
[Source "ChessBase"]
[SourceDate "2018.10.10"]
[SourceVersion "1"]
[SourceVersionDate "2018.10.10"]
[SourceQuality "1"]

1. e4 e5 2. Nf3 Nc6 3. d4 exd4 4. Nxd4 Qh4 5. Nc3 Bb4 6. Qd3 Nf6 7. Nf5 Qxe4+ 8. Qxe4+ Nxe4 9. Nxg7+ Kd8 10. Bb5 d5 11. 0-0 Nxc3 12. Bg5+ Ne7 13. bxc3 Bxc3 14. Rfe1 f6 15. Bh4 c6 16. Bd3 Rg8 17. Nh5 Rf8 18. Bxh7 Bg4 19. Nf4 Bxa1 20. Rxa1 Rh8 21. Bxf6 Rxh7 22. Ng6 Ke8 23. Ne5 Bf5 24. g4 Ng8 25. Bg5 Rg7 26. h4 Bxc2 27. f4 Kf8 28. h5 Re8 29. Re1 Be4 30. Kh2 Rxg5 0-1